000 00198 a2200097 4500
001 12543
100 _aAli,S
245 _aDaik leya America
260 _a
_bMaqbool Acadmey
_c
090 _c9562
_d9562
942 _aNUST-CAE
_cM
_c36447
999 _c247616
_d247616